000
00306nam a22001337a 4500
008
170508b xxu||||| |||| 00| 0 eng d
020
_a
9781422481608
041
_a
eng
080
_a
34
100
_a
15
101
_a
SHJ
245
_a
FEDERAL RULES EVIDENCE HANDBOOK
_c
ARAIZA.W.D
942
_2
udc
_c
BK
999
_c
13026
_d
13026